Lippincott illustrated reviews : (Record no. 102014)
[ view plain ]
| 000 -LEADER | |
|---|---|
| fixed length control field | 00522nam a22001937a 4500 |
| 003 - CONTROL NUMBER IDENTIFIER | |
| control field | BD-ChCU |
| 005 - DATE AND TIME OF LATEST TRANSACTION | |
| control field | 20230510094108.0 |
| 008 - FIXED-LENGTH DATA ELEMENTS--GENERAL INFORMATION | |
| fixed length control field | 230510b nyu ||||| |||| 00| 0 eng d |
| 020 ## - INTERNATIONAL STANDARD BOOK NUMBER | |
| International Standard Book Number | 9789388313308 |
| 040 ## - CATALOGING SOURCE | |
| Transcribing agency | BD-ChCU |
| 082 ## - DEWEY DECIMAL CLASSIFICATION NUMBER | |
| Edition number | 22 |
| Classification number | 615.1 |
| Item number | W552l |
| 100 ## - MAIN ENTRY--PERSONAL NAME | |
| 9 (RLIN) | 1167 |
| Personal name | Whalen,Karen. |
| 245 ## - TITLE STATEMENT | |
| Title | Lippincott illustrated reviews : |
| Remainder of title | Pharmacology / |
| Statement of responsibility, etc. | Karen Whalen |
| 250 ## - EDITION STATEMENT | |
| Edition statement | 7ed. |
| 260 ## - PUBLICATION, DISTRIBUTION, ETC. | |
| Place of publication, distribution, etc. | New York : |
| Name of publisher, distributor, etc. | Wolters Kluwer, |
| Date of publication, distribution, etc. | c2019 |
| 300 ## - PHYSICAL DESCRIPTION | |
| Extent | 593 P . : |
| 650 #0 - SUBJECT ADDED ENTRY--TOPICAL TERM | |
| 9 (RLIN) | 1168 |
| Topical term or geographic name entry element | Pharmacology |
| 942 ## - ADDED ENTRY ELEMENTS (KOHA) | |
| Source of classification or shelving scheme | Dewey Decimal Classification |
| Koha item type | Books |
| Suppress in OPAC | No |
| Withdrawn status | Lost status | Source of classification or shelving scheme | Damaged status | Not for loan | Home library | Current library | Date acquired | Source of acquisition | Total Checkouts | Full call number | Barcode | Date last seen | Copy number | Price effective from | Koha item type | Shelving location |
|---|---|---|---|---|---|---|---|---|---|---|---|---|---|---|---|---|
| Dewey Decimal Classification | Chittagong University Library | Applied Chemistry and Chemical Engineering Seminar Library | 05/10/2023 | purchase | 615.1W552l | 313946 | 05/10/2023 | C-2 | 05/10/2023 | Books | Science Reading Room | |||||
| Dewey Decimal Classification | Chittagong University Library | Chittagong University Library | 05/10/2023 | purchase | 615.1W552l | 313945 | 05/10/2023 | C-1 | 05/10/2023 | Books |